000 00349nam a2200133 i 4500
001 bg
100 1 _aRYSZKA, Franciszek
245 0 _aPolityka i wojna :
_bświadomość potoczna a teoria XX wieku /
_cFranciszek Ryszka.
260 _aWarszawa,
_c1975.
040 _cBPK
041 _apol
942 _cKS
008 s pl f |000 0 pol
999 _c26815
_d26815
856 _uhttp://koha.tu.koszalin.pl/cgi-bin/koha/opac-detail.pl?biblionumber=26815
_yKatalog online BPK